00245 a2200121 4500001000700000020001800007040001100025100001400036240003100050245002600081300000700107362000900114183374 a85-16-03101-2 cMagnum aZatz, Lia10aEra uma vez uma bruxalpor10aEra uma vez uma bruxa a470 a2009